| 000 | 00649nam a2200253Ia 4500 | ||
|---|---|---|---|
| 003 | OSt | ||
| 005 | 20221007064311.0 | ||
| 006 | a|||||r|||| 00| 0 | ||
| 007 | ta | ||
| 008 | 221006b |||||||| |||| 00| 0 hin d | ||
| 024 | _a6,427 | ||
| 037 | _cTextual | ||
| 040 |
_aFLL _cFLL _bhin |
||
| 041 |
_2hin _ahin |
||
| 082 | _aZ2,853, 152P0 | ||
| 100 |
_aMogha P.C. Au. _9682503 |
||
| 245 | 0 | _aLaw of pleadings | |
| 250 | _a3rd | ||
| 260 |
_aDelhi _bAshoka law house India _c2000 |
||
| 300 |
_alxxi,1075p _ccm. |
||
| 650 | _aPleadings law | ||
| 942 |
_hZ2,853, 152P0 _cTEXL _2CC |
||
| 999 |
_c1133646 _d1133646 |
||